| 000 | 01310nam a2200229Ia 4500 | ||
|---|---|---|---|
| 003 | Ost | ||
| 005 | 20260507075743.0 | ||
| 008 | 260507s9999||||xx |||||||||||||| ||und|| | ||
| 040 | _cfsecg | ||
| 041 | _aara | ||
| 082 | _a330 | ||
| 100 |
_aالشناوي، إسماعيل أحمد _eمؤلف |
||
| 245 | 0 |
_aالنظرية الإقتصادية الجزئية / _c إسماعيل أحمد الشناوي |
|
| 260 |
_aالإسكندرية: _bالدار الجامعية, _c2001 |
||
| 300 |
_a406 صفحة؛ _bإيضاحات ؛ _c25 سم |
||
| 520 | _aنظرية المستهلك- النظرية العامة للطلب- النظرية العامة للعرض- توازن السوق- تطبيقات على توازن السوق- توازن المستهلك ومنحنى الطلب- تحليل المنفعة- نظرية التفضيل المستبان- نظرية المنتج- نظرية الإنتاج- تكاليف الإنتاج- دوال الإيرادي للوحدة الإنتاجية- أهداف الوحدة الإنتاجية- تحديد توازن الوحدة الإنتاجية. | ||
| 653 | _aالإقتصاد | ||
| 653 | _aالإقتصاد الجزئي | ||
| 653 | _aالنظرية الإقتصادية | ||
| 700 |
_aناصف، إيمان عطية _eمؤلف ثانوي |
||
| 942 | _cكتاب | ||
| 999 |
_c46170 _d46170 |
||